000 00725nam a2200229Ia 4500
003 OSt
005 20220926040557.0
006 a|||||r|||| 00| 0
007 ta
008 220923b |||||||| |||| 00| 0 eng d
037 _cGeneral Book
040 _aRTL
_cRTL
_beng
041 _2eng
_aeng
082 _aXy71.N6, K5
100 _aDoyle Leonard A
_9343798
245 0 _aInter-economy comparisons, a case study
_b A comparative study of industrial development, currency development, and inflation
260 _c1965
300 _axiii,232p
_ccm.
490 _aInstitute of Business and Economic Research (California)
942 _hXy71.N6, K5
_cGB
_2CC
999 _c665098
_d665098